Statistiques concernant Les nationalités les plus représentées en ligue 1

Cliquez ici pour prendre le quiz!

Statistiques générales

  • Ce quiz a été pris 184 fois
  • Le résultat moyen est 17 sur 21

Statistiques - réponses

#ContinentRéponse% Correct
251EuropeFrance
100%
8EuropeEspagne
99%
17AmériqueBrésil
97%
17AfriqueAlgérie
96%
9AfriqueMaroc
96%
5AmériqueArgentine
92%
13AfriqueSénégal
92%
17EuropePortugal
91%
6AfriqueTunisie
90%
12EuropeBelgique
89%
5AsieJapon
84%
7EuropeSuisse
84%
13AfriqueCameroun
83%
15AfriqueMali
78%
8EuropeAngleterre
77%
11AfriqueCôte d'Ivoire
71%
10EuropePays-Bas
71%
7EuropePologne
70%
5EuropeSuède
63%
6AfriqueGhana
58%
5AfriqueComores
11%

Distribution des résultats

Percentile par nombre de réponses

% des personnes avec chaque résultat

Votre développement - résultats

Vous n’avez pas pris ce quiz